| 000 | 00857nam a22001457a 4500 | ||
|---|---|---|---|
| 999 |
_c59563 _d59563 |
||
| 005 | 20230315170300.0 | ||
| 008 | 230315c2018 ge ||||| |||| 00| 0 geo d | ||
| 022 | _a15120481 | ||
| 041 | _ageo | ||
| 245 |
_aსაქართველოს უზენაესი სასამართლოს გადაწყვეტილებანი სისხლის სამართლის საქმეებზე / _b[ყოველთვიური]. სისხლის სამართლის პროცესი. |
||
| 260 |
_aთბილისი, _c2018. |
||
| 300 | _aV. | ||
| 653 | _aსაქართველოს უზენაესი სასამართლოს გადაწყვეტილებანი სისხლის სამართლის საქმეებზე | ||
| 942 |
_2udc _cCR |
||